000 00435ntaaa2200181 4500
003 01
005 20251027202802.0
008 0714s1973 ag 01
040 _aAR-BaBN
_bspa
_cAR-BaBN
_eaacr
_dRIC
082 _a843.9000 Sa2
100 _aSaint-Exupéry, Antoine
_928115
245 _aEl principito
250 _a71 ed
260 _aBuenos Aires :
_bEmecé,
_cc1963
300 _a95 p
650 _aliteratura francesa
942 _cBK
999 _c23173
_d23173